000
00290nam a2200121Ia 4500
008
240624s9999 xx 000 0 und d
041
_a
eng
082
_a
823 GRI
100
_a
GRISHAM JOHN
245
_a
THEODORE BOONE YOUNG LAWYER
260
_a
New YorkClass No
_b
823 GRIa
365
_c
RS
999
_c
30951
_d
30951